00911nam a2200241 a 450000100100000000500170001000800410002702000180006804000250008608200200011110000360013124500520016726000460021930000200026550000630028550000620034859000280041065000280043865000310046691000370049795201180053499900170065200004267420240412074301.0140204s2011 dr 000 p spa d a9789945004847 aDO-SdBNPbspacBNPHU aRD861.44bP433s1 aPerdomo, Ramón,d1956-96996910aSilencio del olor :bpoemas /cRamón Perdomo. aSan Pedro de Macorís :b[s. n.],c2011. a74 p. ;c18 cm. aIncluye datos biográficos del autor en la contracubierta aLa biblioteca posee un ejemplar autografiado poe el autor aInventariado, 2018 / DG 0aPoesía dominicana966 0aLiteratura dominicana.967 aValidado. Control de calidad MFF 0010718PDaPDbPDcHDd2014-02-04iLF1l0oRD861.44 P433sp42674-10r2020-06-25w2020-06-25yLFPDZNo se presta c42163d42163